MARC

LEADER 00000nam0a2200000 4500
001 353723
005 20231102010624.0
035 |a (RuTPU)RU\TPU\retro\10980 
035 |a RU\TPU\tpu\2157 
090 |a 353723 
100 |a 20200529d1927 k y0rusy50 ca 
101 0 |a rus 
102 |a RU 
105 |a a z 000zy 
200 1 |a Новейшие способы разведки горных пород  |e [оттиск статьи]  |f М. И. Евдокимов-Рокотовский 
210 |a Свердловск  |d 1927 
215 |a 17 с.  |c ил. 
225 1 |a Уральский техник  |v № 8-9 
316 |5 63413507: ШкА/536  |a На с. 1 дарственная надпись: "Сиб. Т. Инст. от автора" 
316 |5 63413507: 26//3289  |a На с. 1 дарственная надпись: "От автора" 
320 |9 572  |a Библиогр. в примеч. 
606 1 |a Горно-разведочные работы  |x Горное дело  |2 stltpush  |3 (RuTPU)RU\TPU\subj\7641  |9 35227 
610 1 |a геолого-географические науки 
610 1 |a труды учёных ТПУ 
610 1 |a коллекция ТПУ 
610 1 |a оттиски 
610 1 |a дарственные надписи 
610 1 |a дары автора 
610 1 |a гравитационный метод 
610 1 |a магнитометрические методы 
610 1 |a геометрические методы 
610 1 |a радиометрические методы 
610 1 |a акустические методы 
610 1 |a электрическое поле 
610 1 |a сейсмометрия 
610 1 |a электрометрические методы 
610 1 |a электромагнитные волны 
610 1 |a характеристики 
675 |a 622.1:55  |v 3 
700 1 |a Евдокимов-Рокотовский  |b М. И.  |c советский инженер-строитель  |c профессор ТПИ  |f 1887-1967  |g Михаил Ильич  |2 stltpush  |3 (RuTPU)RU\TPU\pers\21864  |9 9201 
801 0 |a RU  |b 63413507  |c 20011210  |g PSBO 
801 2 |a RU  |b 63413507  |c 20210417  |g PSBO 
942 |c BK